000 00566nam a22002177a 4500
003 UA-OsUOA
001 79830
007 ta
008 20111121b un ||||| |||| 00| 0 ukr d
100 _aЛевицький В.
090 _a82
_bЛ37
942 _cSA
040 _aUA-OsUOA
_bukr
_cUA-OsUOA
_dUA-OsUOA
245 _aБентежний genius loci в поезії Івана Драча
300 _aС.58-60
955 _a0
041 _aukr
080 _a82
773 0 _w79821
650 7 _a82 Література. Літературознавство
_2UDC
999 _c366182
_d366182